000 00821nam a22002055i 4500
001 54637
003 ES-MaACL
005 20240203062544.0
007 t|
008 960725s1887 sp ||||1| spa d
040 _aCAM
_bspa
_cCAM
100 1 _aFuentes Espluga, Delfín.
_952919
245 1 0 _aDiscurso leido en la Universidad Central el día 9 de mayo de 1887 al recibir el grado de doctor en derecho civil y canónico /
_cpor el licenciado Delfín Fuentes y Espluga.
260 _aMadrid :
_b[s.n.],
_c1887 (
_fEstablecimiento tipográfico de El Progreso Editorial)
300 _a60 p. ;
_c23 cm.
500 _aTema: La jurisprudencia romana, armonizando el derecho escrito con la conciencia social.
710 2 _aUniversidad Central (Madrid)
_97084
852 _aES-MaACL
_jT-1031-F-16
999 _c54637
_d54637